HARDEST HARRY POTTER QUIZ EVER - Statistics

General Stats
  • This quiz has been taken 1,501 times
  • The average score is 8 of 25
Answer Stats
Hint Answer % Correct
A witch or wizard that can turn into a animal at will Animagus
92%
What does Dobby reecieve that makes him free from the Malfoy family Sock
53%
What class does Pro. Flitwick teach Charms.
51%
Cedric Diggeree's father's first name Amos
47%
Name the place Harry's parents died Godrics Hollow
47%
Who killed Snape Nagini
47%
Who is Pro. Lupins wife Tonks
46%
Who is Mad Eye Moody really in the 4 book Barty Crouch Jr.
42%
What object was the portkey to the Qudditch Cup Boot
41%
Name the place in Hogwarts where the owls are kept Owlery
40%
The action of transfering form one place to the other in thin air Apparate
39%
Name the servant on the Knight Bus Stan
39%
Name the servant at the Leaky Couldron Tom
35%
What powder lets you travel form building to buidling with green fire Floo Powder
34%
What is the dark wizard version of Diagon ALLEY Knockturn Alley
30%
Who teaches Harry's first broomstick lesson Madam Hooch
26%
What platform does HArry have to go on in order to reach Hogwarts nine and three quarters
26%
Who Kills Bellatrix Mrs. Weasley
19%
Who is sent my Dumbeldore too look after Harry in the muggle world in book 5 Mrs.Figg
17%
What is the password of the Gryffindor Common room in the 3 book Fortuna Major
7%
The name of Hagrid's pet spider Aaragog
2%
What school did Victor Krum go to Durmstarng
1%
Name who the snake nagini really is Bathelda Bagshot
0%
Which spell did Bellatrix use to kill Neville's parents Cruciatos Curse
0%
What spell allows the recepient to bleed out Sectum Sentrum
0%
No matching quizzes found
Score Distribution
Percent of People with Each Score
Percentile by Number Answered
Your Score History
You have not taken this quiz